Great explorers : (Record no. 5681)

MARC details
000 -LEADER
fixed length control field 01722nam a22002297a 4500
001 - CONTROL NUMBER
control field 5681
003 - CONTROL NUMBER IDENTIFIER
control field FISKH
005 - DATE AND TIME OF LATEST TRANSACTION
control field 20250113115554.0
008 - FIXED-LENGTH DATA ELEMENTS--GENERAL INFORMATION
fixed length control field 250113b cb ||||| |||| 00| 0 eng d
020 ## - INTERNATIONAL STANDARD BOOK NUMBER
International Standard Book Number 9780199118809
040 ## - CATALOGING SOURCE
Original cataloging agency FISKH
Language of cataloging eng
Transcribing agency FISKH
Modifying agency FISKH
082 ## - DEWEY DECIMAL CLASSIFICATION NUMBER
Classification number 910.9
100 ## - MAIN ENTRY--PERSONAL NAME
Personal name Pipe, Jim
245 ## - TITLE STATEMENT
Title Great explorers :
Remainder of title Discovering the world /
Statement of responsibility, etc. by Jim Pipe
250 ## - EDITION STATEMENT
Edition statement First published 2008
260 ## - PUBLICATION, DISTRIBUTION, ETC.
Place of publication, distribution, etc. Oxford :
Name of publisher, distributor, etc. Oxford University Press ;
Date of publication, distribution, etc. 2008.
300 ## - PHYSICAL DESCRIPTION
Extent 128 pages :
Other physical details color illustrations , maps ;
Dimensions 28 cm .
520 ## - SUMMARY, ETC.
Summary, etc. Just as the unknown regions of the world seized the imagination of the great explorers, so the exploits of those explorers continue to fascinate readers today. The book captures all the thrill of exploration; its fears, dangers and hardships; encounters with hostile landscapes and peoples, andthe excitement of progress. All areas of the globe are covered and the journeys of explorers both famous and not so famous: Florence Baker in Egypt and Sudan; Mary Kingsley in West Africa; Lewis and Clark across the US; Franklin and Leary at the North Pole and Amundsen and Scott at the South. Thebook is arranged by region, and chronologically within that region. It captures the spirit of each age and explains how explorers, through reaching lands unknown to them, encountered peoples supporting advanced civilizations of their own. The final chapter examines the legacy of a region'sexploration, by explaining its political, economic and other consequences, whether they be the settlement of a continent or the creation of lasting national myths, as in Scott's doomed mission to Antarctica.
650 ## - SUBJECT ADDED ENTRY--TOPICAL TERM
Topical term or geographic name entry element explorers
Form subdivision non-fiction
942 ## - ADDED ENTRY ELEMENTS (KOHA)
Source of classification or shelving scheme Dewey Decimal Classification
Koha item type Books
Suppress in OPAC No
Holdings
Withdrawn status Lost status Source of classification or shelving scheme Damaged status Not for loan Collection Home library Current library Shelving location Date acquired Total Checkouts Full call number Barcode Date last seen Price effective from Koha item type
    Dewey Decimal Classification     Non-Fiction Footprints International School Library Network Toul Kork Campus Footprints International School Library Network Toul Kork Campus TTP Secondary Non-Fiction Bookshelves 01/13/2025   PIP 910.9 FISSE01200 01/13/2025 01/13/2025 Books